1825 1013 1465 1228 1186 1171 1694 1276 1387 1931 1930 1065 1318 1678 1102 1111 1291 1716 1854 1658 1164 1760 1783 1037 1630 1380 1849 1566 1876 1468 1586 1904 1706 1633 1564 1600 1120 1587 1394 1072 1592 1585 1899 1607 1394 1752 1656 1857 1275 1921 1781 1568 1880 1804 1779 1299 1329 1811 1034 1001 1493 1408 1409 1511 1756 1525 1952 1437 1248 1105 1117 1397 1288 1674 1627 1752 1429 1269 1425 1524 1211 1718 1141 1995 1395 1416 1504 1959 1022 1115 1308 1769 1026 1576 1819 1633 1148 1193 1505 BCNSPRNW ULIB Ver.6.0+V

เปลี่ยนเป็นภาษาไทย

Change to English
 แสดงรายละเอียดบรรณานุกรม
  กลับหน้าหลัก

Brief Record : Get Marc (ISO 2709) : E-mail record : QR code < ปิดหน้าต่าง
LEADER : 00000nam 2200000uu 4500
001    13399128802
003     ULIB
008    240920s2565||||th 000 0 tha d
020 ^- ^a9786164262867
060  0 ^aWS310^bภ474ก
245 00 ^aภาวะฉุกเฉินโรคทางเดินอาหารและโรคตับในเด็ก =^bGastrointestinal and liver diseases in pediatric emergency /^cบรรณาธิการโดย ; ธิติมา เงินมมาก, นงลักษณ์ อ้อยมั่งมูล และภัทรวรินทร์ วะทา.
246 31 ^aGastrointestinal and liver diseases in pediatric emergency
260 ^- ^aพิษณุโลก :^bสำนักพิมพ์มหาวิทยาลัยนเรศวร,^c2565.
300 ^- ^a317 หน้า :^bภาพประกอบ, ตาราง.
505 0^ aบทที่ 1 การกลืนกินสารกัดกร่อน -- บทที่ 2 การกลืนสิ่งแปลกปลอมและ Bezoars -- บทที่ 3 อาเจียรเฉียบพลัน -- บทที่ 4 ลำไส้อุดตันแต่กำเนิด -- บทที่ 5 ลำไส้หมุนบิดตัว -- บทที่ 6 โรคสำไส้โป่งพองแต่กำเนิด -- บทที่ 7 ปวดท้องเฉียบพลัน -- บทที่ 8 ไส้ติ่งอักเสบเฉียบพลัน -- บทที่ 9 ตับอ่นอักเสบเฉียบพลัน -- บทที่ 10 โรคหลอดเลือดขนาดเล็กอักเสบ -- บทที่ 11 ท้องร่วงเฉียบพลันในเด็ก -- บทที่ 12 เยื่อบุช่องท้องอักเสบ -- บทที่ 13 ภาวะเลืือดออกจากทางเดินอาหารส่วนล่างในเด็ก -- บทที่ 14 ภาวะเลืือดออกจากทางเดินอาหารส่วนบนในเด็ก -- บทที่ 15 ตับวายเฉียบพลัน -- บทที่ 16 ผนังหน้าท้องโหว่ -- บทที่ 17 ไส้เลื่อนขาหนีบและถุงน้ำอัณฑะ -- บทที่ 18 การวินิจฉัยทางรังสีวิทยาในภาวะฉุกเฉินของโรคทางเดินอาหารในเด็ก -- บทที่ 19 การวินิจฉัยทางรังสีวิทยาในภาวะฉุกเฉินของโรคตับและท่อน้ำดีในเด็ก
650 ^7 ^aเด็ก,^xโรค
650 ^7 ^aโรคตับ
650 ^7 ^aระบบกระเพาะอาหารและลำไส้,^xโรค
700 0^ aธิติมา เงินมาก,^eบรรณาธิการ
700 0^ aนงลักษณ์ อ้อยมั่งมูล,^eบรรณาธิการ
700 0^ aภัทรวรินทร์ วะทา,^eบรรณาธิการ
945    ^p520^l0^i30259
945    ^p520^l0^i30260
999    ^aกัณชพร จุลอักษร
รายการนี้ยังไม่มีแท็ก
คุณยังไม่ได้ล็อกอิน คุณสามารถมีกิจกรรมร่วมกับเว็บไซต์ได้ แต่ต้องล็อกอินก่อน ::
  ล็อกอิน

รายการสื่อสารสนเทศ

ลำดับที่ ประเภท เลขเรียก/บาร์โค้ด สถานที่ สถานะ
1. วิทยาศาสตร์การแพทย์ และสุขภาพ
วิทยาศาสตร์การแพทย์ และสุขภาพ
WS310 ภ474ก ฉ.1 
  Barcode: 30259
ห้องสมุดวิทยาเขตนครสวรรค์
►หนังสือทั่วไป:l:General Books
บนชั้น
2. วิทยาศาสตร์การแพทย์ และสุขภาพ
วิทยาศาสตร์การแพทย์ และสุขภาพ
WS310 ภ474ก ฉ.2 
  Barcode: 30260
ห้องสมุดวิทยาเขตนครสวรรค์
►หนังสือทั่วไป:l:General Books
บนชั้น

รายการใกล้เคียง
    หัวเรื่อง [เด็ก, โรค]
    หัวเรื่อง [โรคตับ]
    หัวเรื่อง [ระบบกระเพาะอาหารและลำไส้, โรค]

BibComment


ยังไม่เคยถูกคอมเมนท์

คอมเมนท์ทรัพยากรรายการนี้
  คอมเมนท์: ภาวะฉุกเฉินโรคทา..


 Copyright 2026. Bcnsprnw @Library